Catálogo

Vista normal Vista MARC

Entrada Personal Name

Número de registros utilizados en: 1

001 - CONTROL NUMBER

  • control field: 17854

003 - CONTROL NUMBER IDENTIFIER

  • control field: DLC

005 - DATE AND TIME OF LATEST TRANSACTION

  • control field: 20260217091520.0

008 - FIXED-LENGTH DATA ELEMENTS

  • fixed length control field: 811201n| azannaabn |a aaa

010 ## - LIBRARY OF CONGRESS CONTROL NUMBER

  • LC control number: n 81090698

035 ## - SYSTEM CONTROL NUMBER

  • System control number: (OCoLC)oca00635900

040 ## - CATALOGING SOURCE

  • Original cataloging agency: DLC
  • Language of cataloging: spa
  • Description conventions: rda
  • Transcribing agency: Mx-PuUPA
  • Modifying agency: DLC
  • Modifying agency: OCoLC
  • Modifying agency: DLC
  • Modifying agency: Mx-PuUPA

046 ## - SPECIAL CODED DATES

  • Birth date: 1850
  • Death date: 1923
  • Source of date scheme: edtf

053 #0 - LC CLASSIFICATION NUMBER

  • Classification number element--single number or beginning number of span: PQ7297.L67

100 1# - HEADING--PERSONAL NAME

  • Personal name: López-Portillo y Rojas, José,
  • Dates associated with a name: 1850-1923

374 ## - OCCUPATION

  • Occupation: Autor

375 ## - GENDER

  • Gender: hombre

377 ## - ASSOCIATED LANGUAGE

  • Language code: spa

400 1# - SEE FROM TRACING--PERSONAL NAME

  • Personal name: Portillo y Rojas, José López-,
  • Dates associated with a name: 1850-1923

400 1# - SEE FROM TRACING--PERSONAL NAME

  • Personal name: Rojas, José López-Portillo y,
  • Dates associated with a name: 1850-1923

670 ## - SOURCE DATA FOUND

  • Source citation: Torment and tequila in Belle Epoque Mexico, 2026:
  • Information found: CIP t.p. (José López Portillo y Rojas) galley (b. 1850; d. 1923; man of letters from Jalisco)